9th EBES Conference - Rome proceeding CD : january, 11 - 13, 2013 : Rome, Italy

Saved in:
Bibliographic Details
Corporate Author: EBES. Conference
Format: Book
Language:English
Published: [Rome] [Faculty of Economics, Sapienza University of Rome] [2013]
Subjects:
Tags: Add Tag
No Tags, Be the first to tag this record!

MARC

LEADER 00000nlm a2200000 4500
001 0165927
005 20240711100243.4
041 0 |a eng 
044 |a IT 
245 1 0 |a 9th EBES Conference - Rome  |b proceeding CD : january, 11 - 13, 2013 : Rome, Italy 
264 1 |a [Rome]  |b [Faculty of Economics, Sapienza University of Rome]  |c [2013] 
300 |a CD-ROM [2375 s.] 
610 2 0 |a manažment 
610 2 0 |a obchod medzinárodný 
610 2 0 |a práca 
610 2 0 |a ekonomika verejná 
610 2 0 |a ekonomika regionálna 
610 2 0 |a marketing 
610 2 0 |a rast hospodársky 
610 2 0 |a rozvoj hospodársky 
610 2 0 |a teória hier 
610 2 0 |a nerovnosť 
610 2 0 |a ruch cestovný 
610 2 0 |a bankovníctvo 
610 2 0 |a financie 
610 2 0 |a správa štátna 
610 2 0 |a kríza finančná 
610 2 0 |a politika menová 
610 2 0 |a vzdelávanie 
610 2 0 |a inovácia 
610 2 0 |a účtovníctvo 
610 2 0 |a audit 
610 2 0 |a podnikanie 
610 2 0 |a priemysel 
610 2 0 |a hospodárstvo národné 
610 2 0 |a zdravotníctvo 
610 2 0 |a riadenie rizík 
610 2 0 |a zdroje ľudské 
110 2 |a EBES. Conference